NBA Top 30 Point Guards of All Time - Statistics

General Stats
  • This quiz has been taken 174 times
  • The average score is 19 of 30
Answer Stats
Hint Answer % Correct
2 Stephen Curry
99%
1 Magic Johnson
97%
9 Jason Kidd
90%
7 Steve Nash
88%
10 Russell Westbrook
87%
8 Chris Paul
86%
3 John Stockton
86%
25 Dennis Johnson
85%
19 Kevin Johnson
83%
5 Isiah Thomas
80%
4 Oscar Robertson
78%
16 Damian Lillard
77%
14 Bob Cousy
76%
11 Tony Parker
71%
15 Kyrie Irving
65%
30 Rajon Rondo
65%
13 Gary Payton
63%
24 Penny Hardaway
58%
23 Tim Hardaway
58%
18 Luka Doncic
56%
6 Walt Frazier
54%
29 Deron Williams
52%
17 Derrick Rose
52%
22 Chauncey Billups
48%
26 Mark Price
41%
12 Tiny Archibald
38%
21 Lenny Wilkens
23%
20 Dave Bing
21%
27 Fat Lever
20%
28 Mookie Blaylock
17%
No matching quizzes found
Score Distribution
Percent of People with Each Score
Percentile by Number Answered
Your Score History
You have not taken this quiz